Normal view
MARC view
- PROJECT SUPERVISOR: DR..USMAN.AKRAM DR..SAJID.GUL.KHAWAJA DR..SHOAB.AHMED.KHAN
Entry Corporate Name
001 - CONTROL NUMBER
- control field: 96503
003 - CONTROL NUMBER IDENTIFIER
- control field: NUST
005 - DATE AND TIME OF LATEST TRANSACTION
- control field: 20220804103737.0
008 - FIXED-LENGTH DATA ELEMENTS
- fixed length control field: 220804|| aca||aabn | a|a d
040 ## - CATALOGING SOURCE
- Original cataloging agency: NUST
- Transcribing agency: NUST
110 ## - HEADING--CORPORATE NAME
- Corporate name or jurisdiction name as entry element: PROJECT SUPERVISOR: DR..USMAN.AKRAM DR..SAJID.GUL.KHAWAJA DR..SHOAB.AHMED.KHAN
670 ## - SOURCE DATA FOUND
- Source citation: Work cat.: (NUST): ARSLAN SAIF HIRA SOHAIL M WAJIH HAIDER MUHAMMAD AHSAN KHAN 96502, PR-SOF-2101-Cloud Based AI Grader for Radiologists, 2022.
